Elektronické obchodovanie, resp. postup audítora pri overovaní finančných výkazov účtovnej jednotky realizujúcej svoju podnikateľskú činnosť prostredníctvom počítačovej siete
Teoretické aspekty elektronického obchodovania. Audit finančných výkazov účtovných jednotiek obchodujúcich cez internet. Kvalifikácia a znalosti v kontexte usmerňovania - Elektronické obchodovanie - vplyv na audit finančných výkazov.
Saved in:
| Main Author: | |
|---|---|
| Other Authors: | |
| Format: | Book Chapter |
| Language: | Slovak |
| Subjects: | |
| Tags: |
No Tags, Be the first to tag this record!
|
MARC
| LEADER | 00000naa a2200000 4500 | ||
|---|---|---|---|
| 001 | 0188965 | ||
| 005 | 20240502073209.5 | ||
| 041 | 0 | |a slo | |
| 044 | |a SK | ||
| 245 | 1 | 0 | |a Elektronické obchodovanie, resp. postup audítora pri overovaní finančných výkazov účtovnej jednotky realizujúcej svoju podnikateľskú činnosť prostredníctvom počítačovej siete |c Ladislav Kareš, Veronika Kršíková |
| 520 | |a Teoretické aspekty elektronického obchodovania. Audit finančných výkazov účtovných jednotiek obchodujúcich cez internet. Kvalifikácia a znalosti v kontexte usmerňovania - Elektronické obchodovanie - vplyv na audit finančných výkazov. | ||
| 610 | 2 | 0 | |a obchod elektronický |
| 610 | 2 | 0 | |a audit |
| 610 | 2 | 0 | |a jednotka účtovná |
| 610 | 2 | 0 | |a siete počítačové |
| 610 | 2 | 0 | |a výkazy finančné |
| 100 | 1 | |a Kareš, Ladislav | |
| 700 | 1 | |a Kršíková, Veronika, 1986- | |